Bài tập giải tích. t.IV /

Bewaard in:
Bibliografische gegevens
Hoofdauteur: Triệu Khuê.
Andere auteurs: Cần Tuất., Nguyễn Ngải.
Formaat: Sách giấy
Taal:Vietnamese
Gepubliceerd in: H. : Giáo dục, 1980
Tags: Voeg label toe
Geen labels, Wees de eerste die dit record labelt!
Thư viện lưu trữ: Thư viện Trường Đại học Đà Lạt
LEADER 00707nam a2200301 4500
001 DLU140160728
005 ##20140312
040 # # |a DLU  |b vie 
041 # # |a vie 
044 # # |a vn 
082 # # |a 515.076  |b TR-K 
100 # # |a Triệu Khuê. 
245 # # |a Bài tập giải tích.  |n t.IV /  |c Triệu Khuê, Nguyễn Ngải, Cần Tuất. 
260 # # |a H. :  |b Giáo dục,  |c 1980 
300 # # |a 108 tr.;   |c 21 cm. 
700 # # |a Cần Tuất. 
700 # # |a Nguyễn Ngải. 
990 # # |a t.IV 
991 # # |a SH 
992 # # |a 2,40 
994 # # |a DLU 
900 # # |a True 
911 # # |a Nguyễn Thị Tưởng 
925 # # |a G 
926 # # |a A 
927 # # |a SH 
980 # # |a Thư viện Trường Đại học Đà Lạt